| 000 | 00635nam a22001937a 4500 | ||
|---|---|---|---|
| 999 |
_c141724 _d141722 |
||
| 005 | 20180618102418.0 | ||
| 008 | 130917t spu||||| |||| 00| 0 spa d | ||
| 020 | _a2080707155 | ||
| 050 |
_aBR765.A5 _bC36 1993 |
||
| 100 | _aCantorbery, Anselme de | ||
| 245 | 1 |
_aProslogion : _bsuivi de sarefuration réfutation par Gaunilon et de la réponse d`Anselme / _cAnselme de Cantorbery, ; tr. Bernard Pautrat |
|
| 250 | _a1a ed. | ||
| 260 |
_aParis : _bFlammarion, _c1993 |
||
| 300 |
_a161 p. ; _c19 cm. |
||
| 500 | _a1 ejemplar | ||
| 504 | _aincluye índice | ||
| 600 | _aAnselmo, San, Arzobispo de Canterbury, 1033-1109. | ||
| 650 | 4 |
_afilosofia _xExistencia de Dios |
|
| 650 | 4 |
_aObras anteriores a 1800 _xVerdad _yObras anteriores a 1800 |
|
| 700 |
_aPautrat, Bernard _e tr. |
||
| 942 |
_2ddc _cLIB |
||